Black Sabbath Songs: Osbourne or Dio - Statistics

General Stats
  • This quiz has been taken 95 times
  • The average score is 9 of 10
Answer Stats
Question Answer % Correct
Paranoid Osbourne
99%
Iron Man Osbourne
99%
War Pigs Osbourne
98%
N.I.B. Osbourne
96%
Sign of The Southern Cross Dio
93%
Neon Knights Dio
93%
Fairies Wear Boots Osbourne
93%
Heaven and Hell Dio
90%
Falling Off The Edge Dio
86%
Snowblind Osbourne
80%
No matching quizzes found
Score Distribution
Percent of People with Each Score
Percentile by Number Answered
Your Score History
You have not taken this quiz